[Event "Tbilisi zt (Women)"]
[Site "Tbilisi"]
[Date "1999.??.??"]
[Round "8"]
[White "Danielian, Elina"]
[Black "Goletiani, Rusudan"]
[Result "0-1"]
[WhiteElo "2353"]
[BlackElo "2310"]
[EventDate "1999.05.07"]
[PlyCount "98"]

1.Nf3 c5 2.g3 b6 3.Bg2 Bb7 4.O-O e6 5.c4 Nf6 6.Nc3 Be7 7.Re1 O-O 8.e4 d6 
9.d4 cxd4 10.Nxd4 Qc8 11.b3 a6 12.Bb2 Nbd7 13.f4 g6 14.Kh1 Re8 15.Qd2 Qc5 
16.Rac1 Qh5 17.Bf3 Qh6 18.Rcd1 Nh5 19.Nde2 f5 20.Kg2 Nc5 21.Ng1 Nf6 22.
exf5 Bxf3+ 23.Nxf3 gxf5 24.Ng5 Bf8 25.h3 Rac8 26.b4 Ncd7 27.Qd3 Nh5 28.Re3
Qg6 29.Rde1 Ne5 30.Qd4 Rxc4 31.Qxb6 h6 32.a3 Nxf4+ 33.gxf4 Rxf4 34.Ne2 
hxg5 35.Bxe5 dxe5 36.Nxf4 gxf4+ 37.Kh2 Bg7 38.Rg1 Qf6 39.Rd3 Re7 40.Rd8+ 
Kh7 41.Qxa6 e4 42.Qa8 f3 43.b5 f2 44.Rb1 Qh4 45.Kg2 Rc7 46.Rc8 Qg5+ 47.
Kxf2 Bd4+ 48.Kf1 Qg1+ 49.Ke2 Qf2+ 0-1

[Event "Tbilisi zt (Women)"]
[Site "Tbilisi"]
[Date "1999.??.??"]
[Round "8"]
[White "Edzgveradze, Natalia"]
[Black "Sanli, Emine"]
[Result "1-0"]
[WhiteElo "2295"]
[BlackElo "2050"]
[EventDate "1999.05.07"]
[PlyCount "71"]

1.d4 d5 2.c4 e6 3.Nc3 Nf6 4.Bg5 Be7 5.e3 h6 6.Bh4 O-O 7.Nf3 b6 8.Bd3 Bb7 
9.O-O Nbd7 10.Qe2 c5 11.Bg3 Nh5 12.cxd5 Nxg3 13.hxg3 exd5 14.Rad1 Bf6 15.
Bb1 Qe7 16.Rd2 Rfd8 17.Rc1 Rac8 18.Qd1 g6 19.a4 Nb8 20.Nb5 a6 21.Nc3 c4 
22.b3 Rc7 23.bxc4 Rxc4 24.Ba2 Rc7 25.Qb3 Qd6 26.Rdc2 Rdc8 27.Ne1 Nd7 28.
Ne4 Rxc2 29.Nxd6 Rxc1 30.Nxc8 Rxc8 31.Nd3 a5 32.Nf4 Rc4 33.Qd1 Rb4 34.Nd3 
Rc4 35.Bxc4 dxc4 36.Nb2 1-0

[Event "Tbilisi zt (Women)"]
[Site "Tbilisi"]
[Date "1999.??.??"]
[Round "8"]
[White "Hlgatian, Goar"]
[Black "Javakhishvili, Lela"]
[Result "0-1"]
[WhiteElo "2239"]
[BlackElo "2181"]
[EventDate "1999.05.07"]
[PlyCount "64"]

1.e4 c5 2.Nf3 Nc6 3.d4 cxd4 4.Nxd4 Qc7 5.Nc3 e6 6.Be2 a6 7.O-O Nf6 8.Be3 
Be7 9.f4 d6 10.a4 O-O 11.Kh1 Re8 12.Nb3 b6 13.Bf3 Bb7 14.Qe2 Nb4 15.g4 d5 
16.e5 Nxg4 17.Bxb6 Qxb6 18.Bxg4 Rac8 19.Rac1 d4+ 20.Ne4 Nxc2 21.Rxc2 Qxb3 
22.Rd2 Red8 23.Bf3 d3 24.Qg2 Rc2 25.Rfd1 Kf8 26.Ng3 Rxd2 27.Rxd2 Bb4 28.
Bxb7 Bxd2 29.Qxd2 Qxb7+ 30.Kg1 Qb6+ 31.Kf1 Qd4 32.Nh1 Rb8 0-1

[Event "Tbilisi zt (Women)"]
[Site "Tbilisi"]
[Date "1999.??.??"]
[Round "8"]
[White "Kalevic, Sanja"]
[Black "Gvetadze, Sofio"]
[Result "1/2-1/2"]
[WhiteElo "2354"]
[BlackElo "2174"]
[EventDate "1999.05.07"]
[PlyCount "167"]

1.e4 c5 2.Nf3 e6 3.c4 Nc6 4.Nc3 Nf6 5.Be2 Be7 6.O-O O-O 7.d4 cxd4 8.Nxd4 
d6 9.Be3 a6 10.Qd2 Qc7 11.Rac1 Nxd4 12.Qxd4 Nd7 13.Rfd1 b6 14.f4 Rd8 15.
Bf3 Bb7 16.Qd2 Rac8 17.Qf2 Qb8 18.Na4 b5 19.Nb6 Nxb6 20.Bxb6 Re8 21.cxb5 
axb5 22.a3 Qa8 23.Qe2 Qa6 24.Bd4 Rxc1 25.Rxc1 e5 26.fxe5 Bg5 27.Rd1 dxe5 
28.Bc5 Qc6 29.b4 Ra8 30.Rd6 Qe8 31.Qd3 Bc6 32.Qc3 Bd7 33.Be2 Rc8 34.Rd5 
Bf6 35.Qf3 Bc6 36.Rd1 Ra8 37.Rd6 Bd8 38.Rd1 Bc7 39.Bf2 Qe6 40.Qc3 Bd8 41.
Rc1 Bd7 42.Qd3 Bg5 43.Rc2 g6 44.h3 Rd8 45.Qg3 Bf4 46.Qd3 Bg5 47.Qc3 Rc8 
48.Bc5 Bc6 49.Qf3 Qd7 50.Qf1 Rb8 51.Bf3 Qb7 52.Qe2 Rd8 53.Bf2 Kg7 54.Kh2 
Bf4+ 55.Kg1 Bg5 56.Qe1 Rd3 57.Qa1 f6 58.Be2 Rd7 59.Rc5 Rd2 60.Qc3 Rxe2 61.
Rxc6 Kh6 62.Bc5 Qa8 63.Qd3 Rd2 64.Qxb5 Qxa3 65.Bf8+ Kh5 66.Qf1 Qe3+ 67.Kh1
Re2 68.Qf3+ Qxf3 69.gxf3 Be3 70.Rc3 Kh4 71.Bc5 Bd2 72.Rc2 Kg3 73.Bg1 Kxf3 
74.b5 Ba5 75.Rxe2 Kxe2 76.b6 Kf3 77.b7 Bc7 78.Ba7 Kxe4 79.b8=Q Bxb8 80.
Bxb8 g5 81.Bc7 f5 82.Bd8 Kf4 83.Be7 g4 84.hxg4 1/2-1/2

[Event "Tbilisi zt (Women)"]
[Site "Tbilisi"]
[Date "1999.??.??"]
[Round "8"]
[White "Khorava, Miranda"]
[Black "Gasparian, Narine"]
[Result "0-1"]
[WhiteElo "2210"]
[BlackElo "2170"]
[EventDate "1999.05.07"]
[PlyCount "96"]

1.c4 c5 2.Nf3 Nc6 3.g3 g6 4.Bg2 Bg7 5.O-O e6 6.Nc3 Nge7 7.e3 d5 8.cxd5 
exd5 9.d4 cxd4 10.Nxd4 Nxd4 11.exd4 O-O 12.Bg5 Be6 13.Re1 Re8 14.Rc1 h6 
15.Bf4 Qb6 16.Qd2 Qxd4 17.Qxd4 Bxd4 18.Nb5 Bxb2 19.Rb1 Bg7 20.Nc7 b6 21.
Nxa8 Rxa8 22.Rbc1 Nf5 23.Rc7 Nd4 24.Be5 Nb5 25.Rcc1 Rd8 26.Bxg7 Kxg7 27.a4
Nd4 28.Rc7 a6 29.Ra7 a5 30.Rb7 Rc8 31.Rxb6 Rc4 32.Rd6 Rxa4 33.Rd1 Ne2+ 34.
Kf1 Nc3 35.Rc1 d4 36.Bc6 Rb4 37.Bd7 Bc4+ 38.Kg2 Bd5+ 39.Kh3 Bf3 40.Bc6 Be2
41.Kg2 a4 42.Bf3 Bb5 43.Bc6 a3 44.Bxb5 Rxb5 45.Ra6 Rb3 46.Kf1 a2 47.Rxc3 
dxc3 48.Rxa2 Rb2 0-1

[Event "Tbilisi zt (Women)"]
[Site "Tbilisi"]
[Date "1999.??.??"]
[Round "8"]
[White "Khurtsidze, Nino"]
[Black "Manakova, Maria"]
[Result "1-0"]
[WhiteElo "2405"]
[BlackElo "2344"]
[EventDate "1999.05.07"]
[PlyCount "91"]

1.d4 e6 2.c4 f5 3.g3 Nf6 4.Bg2 Bb4+ 5.Nd2 O-O 6.Nf3 b6 7.O-O Bb7 8.a3 Bxd2
9.Qxd2 Qe7 10.b3 d6 11.Qe3 Be4 12.Bb2 Nbd7 13.Rfd1 Rae8 14.b4 Ba8 15.a4 
Ng4 16.Qb3 Qf7 17.b5 f4 18.h3 Nh6 19.g4 Qe7 20.a5 Nf7 21.axb6 axb6 22.Ra7 
Rc8 23.d5 exd5 24.cxd5 Nc5 25.Qc3 Ng5 26.Nd4 Nge4 27.Qc4 Qh4 28.Rf1 Nd2 
29.Qc3 Nxf1 30.Nf5 Qg5 31.Kxf1 Nd7 32.h4 Qf6 33.Qxf6 Nxf6 34.g5 Bxd5 35.
gxf6 Bxg2+ 36.Kxg2 Rce8 37.Ne7+ Kf7 38.fxg7 Rxe7 39.gxf8=Q+ Kxf8 40.Kf3 
Rf7 41.Bc1 Ke8 42.Bxf4 Kd7 43.Ra1 Rf5 44.Rb1 h5 45.e4 Rc5 46.Be3 1-0

[Event "Tbilisi zt (Women)"]
[Site "Tbilisi"]
[Date "1999.??.??"]
[Round "8"]
[White "Khurtsilava, Inga"]
[Black "Prudnikova, Svetlana"]
[Result "1-0"]
[WhiteElo "2259"]
[BlackElo "2415"]
[EventDate "1999.05.07"]
[PlyCount "133"]

1.g3 Nf6 2.Bg2 c5 3.c4 Nc6 4.Nc3 g6 5.d3 Bg7 6.a3 O-O 7.Rb1 a5 8.e3 e6 9.
Nge2 d5 10.O-O Rb8 11.Qc2 b6 12.Nf4 Ne7 13.Rd1 Bb7 14.e4 Bc6 15.b4 axb4 
16.axb4 cxb4 17.Rxb4 dxe4 18.dxe4 Qc7 19.Nfe2 Nd7 20.Bg5 Nc5 21.Rdb1 Nc8 
22.Be3 Na6 23.R4b3 Rd8 24.Qa2 Ra8 25.Ra3 Bb7 26.c5 Rd3 27.cxb6 Qc6 28.Nb5 
Nb4 29.Rxd3 Nxa2 30.Rd8+ Bf8 31.Nc7 Qc2 32.Re1 Nxb6 33.Nxa8 Bxa8 34.Bxb6 
Bb7 35.Be3 Qc7 36.Red1 Bd5 37.Rxf8+ Kxf8 38.exd5 exd5 39.Bxd5 Qc2 40.Rd2 
Qb1+ 41.Kg2 Nb4 42.Nc3 Qc1 43.Na2 Nxa2 44.Rxa2 Qd1 45.Ra8+ Kg7 46.Rd8 Qa4 
47.h4 h5 48.Bf4 f6 49.Rd6 Qb5 50.Bc6 Qc5 51.Rd7+ Kh8 52.Rc7 Qa5 53.Be4 g5 
54.hxg5 fxg5 55.Rh7+ Kg8 56.Rxh5 Qb4 57.Rxg5+ Kf7 58.Rf5+ Ke6 59.Re5+ Kf6 
60.g4 Qd4 61.Rf5+ Ke7 62.Bd5 Kd7 63.Bf3 Ke6 64.Be3 Qb4 65.Rf4 Qa5 66.g5 
Ke7 67.g6 1-0

[Event "Tbilisi zt (Women)"]
[Site "Tbilisi"]
[Date "1999.??.??"]
[Round "8"]
[White "Maisuradze, Nino"]
[Black "Makropoulou, Marina"]
[Result "0-1"]
[WhiteElo "2143"]
[BlackElo "2294"]
[EventDate "1999.05.07"]
[PlyCount "88"]

1.d4 d5 2.c4 e6 3.Nc3 c6 4.Nf3 Nf6 5.e3 Nbd7 6.Bd3 dxc4 7.Bxc4 b5 8.Bd3 b4
9.Na4 Bb7 10.e4 Be7 11.O-O h6 12.Re1 Rc8 13.Bd2 O-O 14.Rc1 c5 15.dxc5 Nxc5
16.Nxc5 Rxc5 17.Qe2 Rxc1 18.Rxc1 Qa8 19.Rc7 Bd8 20.Rc4 a5 21.e5 Nd7 22.Rg4
f5 23.exf6 Rxf6 24.Nd4 Bd5 25.Qe3 Bc7 26.Nb5 Bb6 27.Nd4 Qb8 28.Be4 Bxa2 
29.Qd3 Nc5 30.Qc2 Nxe4 31.Qxe4 Bd5 32.Qd3 Qc7 33.Be3 Qc4 34.Qxc4 Bxc4 35.
Nc6 Bxe3 36.Rxc4 Bxf2+ 37.Kh1 b3 38.g3 Be1 39.Ne7+ Kh7 40.Ra4 Rf1+ 41.Kg2 
Rf2+ 42.Kh3 Rxb2 43.Nc6 Re2 44.Nd4 Re4 0-1

[Event "Tbilisi zt (Women)"]
[Site "Tbilisi"]
[Date "1999.??.??"]
[Round "8"]
[White "Matnadze, Ana"]
[Black "Cinar, Nilufer"]
[Result "1-0"]
[WhiteElo "2283"]
[BlackElo "2052"]
[EventDate "1999.05.07"]
[PlyCount "69"]

1.d4 c5 2.dxc5 e6 3.Nf3 Bxc5 4.c4 Nf6 5.e3 O-O 6.a3 a5 7.Nc3 d5 8.Be2 Nc6 
9.O-O Re8 10.cxd5 exd5 11.Qc2 Qe7 12.Rd1 Be6 13.Ng5 Ne5 14.b3 Rad8 15.Bb5 
Rf8 16.Bb2 h6 17.Nxe6 fxe6 18.h3 Nfg4 19.hxg4 Nxg4 20.Ne4 Ba7 21.g3 dxe4 
22.Rxd8 Qxd8 23.Qxe4 Nxf2 24.Qxe6+ Kh7 25.Qe5 Qg5 26.Qxg5 hxg5 27.Bd4 Nh3+
28.Kg2 Bxd4 29.exd4 g4 30.Ra2 Kh6 31.Rc2 Rf3 32.d5 Rxb3 33.Be2 Kg5 34.d6 
Rb1 35.d7 1-0

[Event "Tbilisi zt (Women)"]
[Site "Tbilisi"]
[Date "1999.??.??"]
[Round "8"]
[White "Mkrtchian, Lilit"]
[Black "Lomineishvili, Maia"]
[Result "1/2-1/2"]
[WhiteElo "2294"]
[BlackElo "2375"]
[EventDate "1999.05.07"]
[PlyCount "150"]

1.e4 c5 2.Nf3 Nc6 3.d4 cxd4 4.Nxd4 Nf6 5.Nc3 e5 6.Ndb5 d6 7.Bg5 a6 8.Na3 
b5 9.Nd5 Be7 10.Bxf6 Bxf6 11.c3 O-O 12.Nc2 Bg5 13.a4 bxa4 14.Rxa4 Kh8 15.
Be2 a5 16.O-O Rb8 17.b4 axb4 18.cxb4 Ne7 19.Bc4 Nxd5 20.Bxd5 Bf4 21.Qe2 
Qg5 22.Rfa1 Bh3 23.f3 Be6 24.Re1 Bd7 25.Ra3 f5 26.Rea1 Bb5 27.Qe1 fxe4 28.
fxe4 Bd2 29.Qg3 Qxg3 30.hxg3 Rbc8 31.Ne3 Bc3 32.Rb1 Bd4 33.Kh2 g6 34.Be6 
Rce8 35.Bc4 Bc6 36.Bd5 Bd7 37.Nc4 Rf6 38.Rf3 Ref8 39.Rxf6 Rxf6 40.b5 g5 
41.g4 Bf2 42.g3 Bxg4 43.Ra1 Bd4 44.Ra2 Rh6+ 45.Kg2 Bh3+ 46.Kh1 Bf1+ 47.Rh2
Rf6 48.g4 Rf4 49.Nxd6 Rxg4 50.Rc2 Rh4+ 51.Rh2 Rxh2+ 52.Kxh2 g4 53.Kg3 Be2 
54.Bc6 h5 55.Nf5 Bc3 56.Kf2 Bc4 57.b6 Ba5 58.b7 Bc7 59.Kg3 Ba6 60.Bd5 Kh7 
61.Kh4 Kg6 62.Ne7+ Kf6 63.Nf5 Kg6 64.Ne7+ Kf6 65.Nf5 Be2 66.Ng3 Bf3 67.
Kxh5 Ke7 68.Nf5+ Kf6 69.Kh4 Be2 70.Ne3 Ke7 71.Nxg4 Bxg4 72.Kxg4 Kd6 73.Kf5
Bb8 74.Kf6 Ba7 75.Kf7 Kc7 1/2-1/2

[Event "Tbilisi zt (Women)"]
[Site "Tbilisi"]
[Date "1999.??.??"]
[Round "8"]
[White "Nikoladze, Sopio"]
[Black "Bojkovic, Natasa"]
[Result "0-1"]
[WhiteElo "2262"]
[BlackElo "2424"]
[EventDate "1999.05.07"]
[PlyCount "66"]

1.d4 Nf6 2.Nf3 e6 3.e3 b6 4.Bd3 Bb7 5.O-O g6 6.c4 Bg7 7.Nc3 d6 8.e4 Nbd7 
9.Qe2 O-O 10.Re1 c5 11.d5 exd5 12.exd5 Re8 13.Qf1 Rxe1 14.Nxe1 Ne5 15.Be2 
Qe7 16.f4 Neg4 17.Nc2 Bc8 18.h3 Nh6 19.g4 Nfxg4 20.hxg4 Bxg4 21.Bxg4 Nxg4 
22.Bd2 Qh4 23.Qg2 Re8 24.Be1 Bd4+ 25.Nxd4 Rxe1+ 26.Rxe1 Qxe1+ 27.Qf1 Qe3+ 
28.Kg2 cxd4 29.Nb5 Qd2+ 30.Kg3 Ne3 31.Qf3 Nf5+ 32.Kh3 a6 33.Nc7 d3 0-1

[Event "Tbilisi zt (Women)"]
[Site "Tbilisi"]
[Date "1999.??.??"]
[Round "8"]
[White "Sisman, Gizem"]
[Black "Khmiadashvili, Tamari"]
[Result "0-1"]
[WhiteElo "2050"]
[BlackElo "2197"]
[EventDate "1999.05.07"]
[PlyCount "76"]

1.Nf3 d5 2.d4 Nf6 3.c4 c6 4.cxd5 cxd5 5.Nc3 g6 6.Bg5 Bg7 7.e3 O-O 8.Be2 
Nc6 9.O-O Ne4 10.Nxe4 dxe4 11.Nd2 h6 12.Bf4 g5 13.Bg3 f5 14.h3 Be6 15.Bc4 
Bxc4 16.Nxc4 Qd5 17.Nd2 e5 18.dxe5 f4 19.Bh2 Kh8 20.Nb3 Qxe5 21.Rb1 a5 22.
a3 Qf5 23.Qc2 Rac8 24.Nd2 Rfe8 25.Qb3 b5 26.Rbc1 a4 27.Qa2 Red8 28.Rfd1 
fxe3 29.fxe3 Rd3 30.Nf1 Qd7 31.Rxd3 exd3 32.Nd2 Re8 33.Re1 Na5 34.b4 axb3 
35.Nxb3 Qd5 36.Nc1 Qxa2 37.Nxa2 d2 38.Rd1 Nc4 0-1

[Event "Tbilisi zt (Women)"]
[Site "Tbilisi"]
[Date "1999.??.??"]
[Round "8"]
[White "Stiri, Alexandra"]
[Black "Darchia, Diana"]
[Result "0-1"]
[WhiteElo "2092"]
[BlackElo "2445"]
[EventDate "1999.05.07"]
[PlyCount "88"]

1.e4 c5 2.Nf3 Nc6 3.d4 cxd4 4.Nxd4 Nf6 5.Nc3 d6 6.Bg5 e6 7.Qd3 a6 8.O-O-O 
Bd7 9.f4 Be7 10.Be2 Rc8 11.Qg3 h6 12.Bxf6 Bxf6 13.Nxc6 Rxc6 14.e5 dxe5 15.
fxe5 Bg5+ 16.Kb1 O-O 17.Ne4 Bh4 18.Rxd7 Qxd7 19.Qxh4 Qd5 20.Qf4 Rd8 21.Rf1
Rd7 22.h4 Rb6 23.g4 a5 24.g5 Rb4 25.Bd3 hxg5 26.hxg5 Qd4 27.b3 a4 28.Re1 
axb3 29.axb3 b5 30.Qc1 Ra7 31.Qb2 Rxb3 32.cxb3 Qxd3+ 33.Qc2 Ra1+ 34.Kb2 
Ra2+ 35.Kxa2 Qxc2+ 36.Ka3 Kh7 37.Kb4 Qc6 38.Nd6 Qd5 39.Re2 Qd4+ 40.Ka5 
Qa1+ 41.Kb4 Qd4+ 42.Ka5 Qd3 43.Rh2+ Kg6 44.Kb4 Qd4+ 0-1

[Event "Tbilisi zt (Women)"]
[Site "Tbilisi"]
[Date "1999.??.??"]
[Round "8"]
[White "Tqeshelashvili, Sopio"]
[Black "Fakhiridou, Ekaterini"]
[Result "1-0"]
[WhiteElo "2321"]
[BlackElo "2239"]
[EventDate "1999.05.07"]
[PlyCount "89"]

1.d4 d5 2.c4 Nc6 3.Nc3 Nf6 4.Nf3 dxc4 5.e4 Bg4 6.Be3 e6 7.Bxc4 Bb4 8.Qc2 
O-O 9.Rd1 Qe7 10.Be2 e5 11.d5 Nb8 12.O-O Bxf3 13.Bxf3 a6 14.Ne2 Bd6 15.Ng3
g6 16.Qb3 b6 17.Bg5 Nbd7 18.Be2 Kg7 19.Qe3 Rg8 20.Kh1 Bc5 21.Qc1 Qd6 22.f4
Ne8 23.f5 f6 24.Bh6+ Kf7 25.fxg6+ hxg6 26.Bg4 Rh8 27.Be3 Bxe3 28.Qxe3 Nf8 
29.Rc1 Rd8 30.a3 Qe7 31.b4 Kg8 32.h3 Rd6 33.Bc8 a5 34.bxa5 bxa5 35.Qa7 Rd8
36.Bg4 Qxa3 37.Kh2 Rh7 38.Ra1 Qd6 39.Qxa5 Re7 40.Rac1 Rh7 41.Qa2 Kh8 42.
Qa4 Qe7 43.Rf2 Rb8 44.Ra2 Rb4 45.d6 1-0

[Event "Tbilisi zt (Women)"]
[Site "Tbilisi"]
[Date "1999.??.??"]
[Round "9"]
[White "Cinar, Nilufer"]
[Black "Charkhalashvili, Inga"]
[Result "0-1"]
[WhiteElo "2052"]
[BlackElo "2147"]
[EventDate "1999.05.07"]
[PlyCount "116"]

1.d4 d5 2.Nf3 Bg4 3.Nbd2 c6 4.e3 e6 5.c4 Nd7 6.Qb3 Qc7 7.Bd3 f5 8.cxd5 
exd5 9.Ng5 Ne7 10.O-O Nb6 11.f3 Bh5 12.a4 Qd7 13.a5 Nbc8 14.Qc3 h6 15.Nh3 
g5 16.Nb3 Nd6 17.Nc5 Qc8 18.e4 Bg7 19.e5 Nb5 20.Bxb5 cxb5 21.a6 b6 22.Nb7 
Qxc3 23.Nd6+ Kd7 24.bxc3 Ke6 25.Nxb5 Rhc8 26.Ba3 Be8 27.Nd6 Rxc3 28.Rfc1 
Rxc1+ 29.Rxc1 Bd7 30.Rc7 Bf8 31.Bc1 Nc6 32.Nxf5 Kxf5 33.Rxd7 Nxd4 34.Be3 
Nc2 35.Bd2 Kxe5 36.f4+ gxf4 37.Nxf4 Bc5+ 38.Kf1 Be3 39.Ng6+ Kf5 40.Bxe3 
Nxe3+ 41.Kf2 Ng4+ 42.Kg3 Nf6 43.Ne7+ Ke6 44.Rb7 Ne4+ 45.Kf4 Nc5 46.Nc6 Kd6
47.Rxa7 Rf8+ 48.Ke3 Kxc6 49.Rh7 Nxa6 50.Rxh6+ Kc5 51.g4 Nb4 52.g5 d4+ 53.
Kd2 Rf2+ 54.Kd1 d3 55.Rh3 Rg2 56.Rh5 Nc2 57.g6+ Kc4 58.h4 Ne3+ 0-1

[Event "Tbilisi zt (Women)"]
[Site "Tbilisi"]
[Date "1999.??.??"]
[Round "9"]
[White "Fakhiridou, Ekaterini"]
[Black "Matnadze, Ana"]
[Result "1-0"]
[WhiteElo "2239"]
[BlackElo "2283"]
[EventDate "1999.05.07"]
[PlyCount "147"]

1.e4 c5 2.b3 d6 3.Bb2 Nf6 4.Bb5+ Bd7 5.Bxd7+ Qxd7 6.d3 e5 7.Ne2 Nc6 8.c4 
g6 9.O-O Bg7 10.Na3 O-O 11.f4 Ng4 12.Nc2 f5 13.h3 Nh6 14.Qd2 Rae8 15.Rae1 
exf4 16.Bxg7 Qxg7 17.Nxf4 g5 18.Nd5 f4 19.Qc3 Ne5 20.d4 Ng6 21.dxc5 dxc5 
22.Qxg7+ Kxg7 23.Na3 Nf7 24.Nb5 a6 25.Nbc3 Nd6 26.Rf2 Rf7 27.Rd2 Re6 28.
Na4 Rxe4 29.Rxe4 Nxe4 30.Re2 Ng3 31.Re8 h5 32.Nxc5 g4 33.hxg4 hxg4 34.Ne4 
Nh5 35.Rc8 Kh6 36.Rc7 Rf8 37.Rxb7 f3 38.gxf3 Rxf3 39.Rb6 Kg7 40.Rb7+ Kf8 
41.Rb8+ Kg7 42.Rb7+ Kh6 43.Rb6 Nf4 44.Nxf4 Rxf4 45.Nf2 Kh5 46.Rd6 Ne7 47.
c5 Nf5 48.Nd3 Rf3 49.Rd5 Rg3+ 50.Kf2 Rf3+ 51.Kg1 Rg3+ 52.Kf2 Rf3+ 53.Ke2 
Kh4 54.c6 Ng3+ 55.Kd1 Rf1+ 56.Kc2 Rf8 57.c7 Rc8 58.Rd7 Ne4 59.Nf4 Nf6 60.
Rf7 Ne8 61.Nd5 g3 62.Rh7+ Kg4 63.Kd3 g2 64.Ne3+ Kg3 65.Nxg2 Kxg2 66.Rh8 
Kf3 67.Rf8+ Kg4 68.Kd4 Kg5 69.Ke5 Kg6 70.Rxe8 Rxe8+ 71.Kd6 Kf7 72.Kd7 Re7+
73.Kc6 Re8 74.Kb7 1-0

[Event "Tbilisi zt (Women)"]
[Site "Tbilisi"]
[Date "1999.??.??"]
[Round "9"]
[White "Gasparian, Narine"]
[Black "Tqeshelashvili, Sopio"]
[Result "0-1"]
[WhiteElo "2170"]
[BlackElo "2321"]
[EventDate "1999.05.07"]
[PlyCount "160"]

1.d4 Nf6 2.Nf3 e6 3.c4 Bb4+ 4.Bd2 Qe7 5.g3 O-O 6.Bg2 Bxd2+ 7.Qxd2 Ne4 8.
Qc2 f5 9.O-O d6 10.Nc3 Nxc3 11.Qxc3 Nd7 12.Rad1 e5 13.dxe5 dxe5 14.Qe3 c6 
15.Rd2 e4 16.Rfd1 Re8 17.Nd4 Ne5 18.Qc3 Bd7 19.b3 c5 20.Nc2 Bc6 21.Ne3 Qf7
22.Nd5 Rac8 23.Qe3 b6 24.Qf4 Ng6 25.Qg5 Rf8 26.Bh3 Rce8 27.Nf4 Ne5 28.Rd6 
Bd7 29.R1d5 Kh8 30.Qh4 Kg8 31.Rxd7 Nxd7 32.Bxf5 Qxf5 33.Rxf5 Rxf5 34.Nd5 
Rf7 35.Nc7 Re5 36.Qd8+ Nf8 37.Nd5 h6 38.Nf4 Kh7 39.Qd6 Ref5 40.Qc6 Re7 41.
Nd5 Rd7 42.Qc8 Rdf7 43.Qe8 g5 44.Qxe4 Ng6 45.f3 Re5 46.Qd3 Kg7 47.Qc3 Kh7 
48.Qd3 Kg7 49.Ne3 h5 50.Nd5 Re6 51.Qd2 Rf5 52.Qb2+ Kh6 53.f4 gxf4 54.gxf4 
Nxf4 55.Qh8+ Kg5 56.Qd8+ Kg4 57.Nxf4 Kxf4 58.Qd2+ Kg4 59.e4 Rg5 60.Qe3 h4 
61.Kh1 Kh5 62.Qf3+ Kg6 63.Qf8 Rxe4 64.Qg8+ Kf5 65.Qh7+ Kf4 66.Qxh4+ Rg4 
67.Qf6+ Ke3 68.Qc3+ Kf2 69.Qc2+ Kf1 70.Qd3+ Kf2 71.Qc2+ Kf3 72.Qd3+ Re3 
73.Qf5+ Rf4 74.Qh3+ Ke2 75.Qh5+ Ke1 76.Qh6 Rf1+ 77.Kg2 Rf2+ 78.Kg1 Rfe2 
79.Qh4+ Kd1 80.Qg4 Kc1 0-1

[Event "Tbilisi zt (Women)"]
[Site "Tbilisi"]
[Date "1999.??.??"]
[Round "9"]
[White "Gvetadze, Sofio"]
[Black "Hlgatian, Goar"]
[Result "0-1"]
[WhiteElo "2174"]
[BlackElo "2239"]
[EventDate "1999.05.07"]
[PlyCount "102"]

1.e4 e6 2.d4 d5 3.Nd2 dxe4 4.Nxe4 Bd7 5.Nf3 Bc6 6.Bd3 Nd7 7.O-O Ngf6 8.Ng3
Bd6 9.c4 O-O 10.b3 b6 11.Bb2 Bb7 12.Qe2 c5 13.Rad1 Qc7 14.Bb1 Rfd8 15.Rfe1
Bxf3 16.Qxf3 cxd4 17.Bxd4 Be5 18.Be3 Nf8 19.Rc1 Rac8 20.Kh1 Bd4 21.Bd2 Rd7
22.Nf1 Rcd8 23.Bf4 Qc5 24.Ne3 a5 25.g4 Ng6 26.Bg3 Qg5 27.h3 Ne5 28.Qe2 Ng6
29.Ng2 Qc5 30.f4 Ne8 31.h4 Bf6 32.g5 Rd2 33.Qg4 Bb2 34.Rc2 Qc6 35.Rxd2 
Rxd2 36.Be4 Qd7 37.h5 Ne7 38.Qf3 Nd6 39.Bb1 Ndf5 40.Bf2 Qd8 41.Bg1 Bd4 42.
Bh2 Bc5 43.Qg4 Bf2 44.Rc1 Qa8 45.g6 Ne3 46.gxf7+ Kf8 47.Qh3 N7f5 48.Bxf5 
exf5 49.a3 Be1 50.Rxe1 Rxg2 51.Qxe3 Re2+ 0-1

[Event "Tbilisi zt (Women)"]
[Site "Tbilisi"]
[Date "1999.??.??"]
[Round "9"]
[White "Javakhishvili, Lela"]
[Black "Prudnikova, Svetlana"]
[Result "1-0"]
[WhiteElo "2181"]
[BlackElo "2415"]
[EventDate "1999.05.07"]
[PlyCount "65"]

1.d4 Nf6 2.c4 g6 3.Nc3 Bg7 4.e4 c5 5.d5 d6 6.Nf3 O-O 7.Be2 e5 8.dxe6 Bxe6 
9.O-O Nc6 10.Bf4 Qb6 11.Qc2 Rfd8 12.Rad1 Bg4 13.Nb5 Ne8 14.Qb1 Ne5 15.Bg5 
f6 16.Be3 Bxf3 17.gxf3 a6 18.Nc3 Nc7 19.Nd5 Nxd5 20.cxd5 Rf8 21.f4 Nf7 22.
Kh1 Rae8 23.Rg1 Kh8 24.Rg3 Nd8 25.Bd3 Re7 26.Rdg1 Qc7 27.h4 Nf7 28.Qf1 Rg8
29.Bd2 Qd7 30.Qg2 Qe8 31.h5 g5 32.e5 dxe5 33.Qe4 1-0

[Event "Tbilisi zt (Women)"]
[Site "Tbilisi"]
[Date "1999.??.??"]
[Round "9"]
[White "Khmiadashvili, Tamari"]
[Black "Stiri, Alexandra"]
[Result "1-0"]
[WhiteElo "2197"]
[BlackElo "2092"]
[EventDate "1999.05.07"]
[PlyCount "99"]

1.e4 c5 2.b3 Nc6 3.Bb2 e5 4.c4 g6 5.f4 d6 6.Nf3 Bg7 7.d3 Nge7 8.Be2 Nd4 9.
Nxd4 cxd4 10.fxe5 dxe5 11.O-O O-O 12.Nd2 f5 13.Ba3 f4 14.Bg4 Rf7 15.c5 Nc6
16.Nc4 Bf8 17.Rc1 h5 18.Bxc8 Rxc8 19.b4 Qg5 20.b5 Nd8 21.Nd6 Bxd6 22.cxd6 
Rxc1 23.Qxc1 b6 24.Kh1 Qg4 25.Qd1 Qxd1 26.Rxd1 Rd7 27.Rc1 Kf7 28.Rc8 Ke6 
29.h4 Nb7 30.Rg8 Kf7 31.Ra8 Nd8 32.Bb4 Ne6 33.Kg1 Nd8 34.a4 Ke6 35.Kf2 Kf7
36.a5 bxa5 37.Bxa5 Ne6 38.Bc7 Nxc7 39.Rxa7 Rxd6 40.Rxc7+ Ke8 41.Rc5 Re6 
42.b6 Rxb6 43.Rxe5+ Kd7 44.Kf3 Rf6 45.Rd5+ Ke6 46.Rxd4 Ke7 47.Ra4 Rd6 48.
d4 Rf6 49.Ra7+ Ke8 50.e5 1-0

[Event "Tbilisi zt (Women)"]
[Site "Tbilisi"]
[Date "1999.??.??"]
[Round "9"]
[White "Lomineishvili, Maia"]
[Black "Danielian, Elina"]
[Result "1-0"]
[WhiteElo "2375"]
[BlackElo "2353"]
[EventDate "1999.05.07"]
[PlyCount "93"]

1.d4 d5 2.c4 dxc4 3.Nf3 Nf6 4.e3 e6 5.Bxc4 c5 6.O-O a6 7.Bb3 b5 8.a4 b4 9.
Nbd2 Bb7 10.Nc4 Be7 11.Qe2 O-O 12.Rd1 Qc7 13.Bd2 Nbd7 14.Rac1 Bd5 15.Be1 
Rac8 16.Nfe5 cxd4 17.exd4 Qd8 18.Ba2 Rc7 19.b3 Qb8 20.Bb1 Rfc8 21.Bd2 Ba8 
22.Bf4 Qb7 23.Nf3 Nd5 24.Bxc7 Qxc7 25.Nfe5 N7f6 26.Qd2 Nc3 27.Re1 Nfd5 28.
Be4 Qd8 29.Nf3 Nxe4 30.Rxe4 Nc3 31.Ree1 Bxf3 32.gxf3 Bf6 33.Ne5 Qd5 34.Qf4
Qxb3 35.Kh1 Qxa4 36.Rg1 Bxe5 37.dxe5 g6 38.h4 h5 39.Qf6 Qd7 40.Rc2 Nd5 41.
Rxc8+ Qxc8 42.Qg5 a5 43.Qxh5 Qc2 44.Qg4 a4 45.h5 Qf5 46.Qh4 Qxh5 47.Qxh5 
1-0

[Event "Tbilisi zt (Women)"]
[Site "Tbilisi"]
[Date "1999.??.??"]
[Round "9"]
[White "Maisuradze, Nino"]
[Black "Edzgveradze, Natalia"]
[Result "0-1"]
[WhiteElo "2143"]
[BlackElo "2295"]
[EventDate "1999.05.07"]
[PlyCount "52"]

1.d4 Nf6 2.c4 e6 3.Nf3 b6 4.a3 Ba6 5.Qc2 Bb7 6.Nc3 c5 7.e4 cxd4 8.Nxd4 Nc6
9.Nxc6 Bxc6 10.Bf4 Nh5 11.Be3 Bc5 12.Bxc5 bxc5 13.Rd1 O-O 14.Be2 Nf4 15.
O-O Rb8 16.Qd2 Qf6 17.Bf3 Rb3 18.Rfe1 Rfb8 19.Rb1 h6 20.Red1 Nh3+ 21.Kh1 
Ng5 22.Qe2 Nxf3 23.gxf3 Qf4 24.Rg1 f5 25.Kg2 fxe4 26.fxe4 Rxc3 0-1

[Event "Tbilisi zt (Women)"]
[Site "Tbilisi"]
[Date "1999.??.??"]
[Round "9"]
[White "Makropoulou, Marina"]
[Black "Sisman, Gizem"]
[Result "1-0"]
[WhiteElo "2294"]
[BlackElo "2050"]
[EventDate "1999.05.07"]
[PlyCount "47"]

1.e4 c6 2.d4 d5 3.Nc3 dxe4 4.Nxe4 Bf5 5.Ng3 Bg6 6.Nf3 Nd7 7.Bc4 e6 8.O-O 
Ngf6 9.Qe2 Be7 10.Ne5 Nxe5 11.dxe5 Nd5 12.Bb3 O-O 13.c4 Nb6 14.Rd1 Qc7 15.
Bf4 Rfd8 16.Ne4 Bxe4 17.Qxe4 Rxd1+ 18.Bxd1 Rd8 19.Bc2 g6 20.Be3 Nd7 21.Bd4
Bc5 22.Bc3 Qb6 23.Qh4 Rf8 24.b4 1-0

[Event "Tbilisi zt (Women)"]
[Site "Tbilisi"]
[Date "1999.??.??"]
[Round "9"]
[White "Manakova, Maria"]
[Black "Goletiani, Rusudan"]
[Result "1-0"]
[WhiteElo "2344"]
[BlackElo "2310"]
[EventDate "1999.05.07"]
[PlyCount "135"]

1.e4 c5 2.Nf3 e6 3.d4 cxd4 4.Nxd4 a6 5.Nc3 Qc7 6.Be2 Nf6 7.O-O Be7 8.Be3 
O-O 9.f4 d6 10.a4 Nc6 11.Kh1 Bd7 12.Nb3 b6 13.Bf3 Rab8 14.Qd2 Bc8 15.g4 
Nd7 16.Bg2 Na5 17.Qf2 Nxb3 18.cxb3 Nc5 19.Qc2 Bb7 20.b4 Nd7 21.Rac1 Rbc8 
22.Qf2 Qb8 23.g5 Rc4 24.Bd2 Re8 25.b3 Rcc8 26.Be3 d5 27.f5 Ne5 28.fxe6 
fxe6 29.Bd4 Rf8 30.Qg3 Nc6 31.Qxb8 Rxb8 32.Bxb6 Bxg5 33.Rxf8+ Rxf8 34.Rd1 
d4 35.Bxd4 Nxd4 36.Rxd4 Bf6 37.Rd3 Rc8 38.Ne2 Rc2 39.Bf3 g5 40.h3 Rxe2 41.
Bxe2 Bxe4+ 42.Kg1 Bxd3 43.Bxd3 Bc3 44.Bxa6 Bxb4 45.Kf2 Kf7 46.Ke3 Ke7 47.
Be2 Kd6 48.Kd4 Be1 49.Bf3 h6 50.Kc4 Bd2 51.Kb5 Kc7 52.Ka6 Be1 53.Kb5 e5 
54.b4 e4 55.Bxe4 h5 56.Bf3 g4 57.hxg4 hxg4 58.Bg2 Bd2 59.Kc5 Bc3 60.b5 Ba5
61.Be4 Bb6+ 62.Kb4 g3 63.Bg2 Bf2 64.Ka5 Be3 65.Ka6 Bd4 66.a5 Be3 67.b6+ 
Kb8 68.Kb5 1-0

[Event "Tbilisi zt (Women)"]
[Site "Tbilisi"]
[Date "1999.??.??"]
[Round "9"]
[White "Mkrtchian, Lilit"]
[Black "Khurtsidze, Nino"]
[Result "1/2-1/2"]
[WhiteElo "2405"]
[BlackElo "2294"]
[EventDate "1999.05.07"]
[PlyCount "29"]

1.e4 c5 2.Nf3 e6 3.d4 cxd4 4.Nxd4 a6 5.Bd3 Nf6 6.O-O d6 7.Kh1 Nc6 8.Be3 
Be7 9.Nc3 Nxd4 10.Bxd4 e5 11.Be3 Be6 12.Qe2 Qc7 13.a4 d5 14.exd5 Nxd5 15.
Nxd5 1/2-1/2